01350nam a2200325Ia 4500001001200000003000800012006001900020007001500039008004100054020001800095020001800113040002100131035002100152050002200173100006100195245010300256260004400359300001700403490005100420504005300471533015200524650003000676650002300706655002900729700003000758710001700788800007600805856012600881999001701007ebr10224907CaPaEBRm u cr cn|||||||||031118s2004 nyu sb 001 0 eng d z9780826458711 z9781847141057 aCaPaEBRcCaPaEBR a(OCoLC)56844631014aQ226b.H35 2004eb1 aHalliday, M. A. K.q(Michael Alexander Kirkwood),d1925-14aThe language of scienceh[electronic resource] /cM.A.K. Halliday ; edited by Jonathan J. Webster. aNew York ;aLondon :bContinuum,c2004. axxiv, 243 p.1 aThe collected works of M.A.K. Halliday ;vv. 5 aIncludes bibliographical references and indexes. aElectronic reproduction.bPalo Alto, Calif. :cebrary,d2009.nAvailable via World Wide Web.nAccess may be limited to ebrary affiliated libraries. 0aCommunication in science. 0aSciencexLanguage. 7aElectronic books.2local1 aWebster, Jonathan,d1955-2 aebrary, Inc.1 aHalliday, M. A. K.q(Michael Alexander Kirkwood),d1925-tWorks.f2002.40uhttp://site.ebrary.com/lib/rucke/Doc?id=10224907zAn electronic book accessible through the World Wide Web; click to view c26662d26662